Movies Quiz

Random Movies or Actor Quiz

Casting Call: Lord of the Rings Quiz Stats

 Plays Quiz Updated Sep 9, 2017

Score 0/20 Timer 05:00
3 Plays Today
% Correct
Ian McKellen
91.2%
Liv Tyler
90.8%
Cate Blanchett
85.2%
Orlando Bloom
84.7%
Sean Bean
83.6%
Elijah Wood
82.9%
Christopher Lee
79.1%
Viggo Mortensen
75.5%
Sean Astin
73.2%
Andy Serkis
71.1%
% Correct
Hugo Weaving
59.6%
Ian Holm
56%
John Rhys-Davies
49.5%
Dominic Monaghan
45.8%
Billy Boyd
44.1%
Karl Urban
42%
Miranda Otto
33.6%
Bernard Hill
25.7%
David Wenham
23.8%
Brad Dourif
23.7%

You're not logged in!

Compare scores with friends on all Sporcle quizzes.
Join for Free
OR
Log In

You Might Also Like...

Show Comments

Extras

Top Quizzes Today


Score Distribution

Your Account Isn't Verified!

In order to create a playlist on Sporcle, you need to verify the email address you used during registration. Go to your Sporcle Settings to finish the process.

Report this User

Report this user for behavior that violates our Community Guidelines.

Details: